[Event "38th Olympiad"]
[Site "Dresden GER"]
[Date "2008.11.23"]
[Round "10"]
[White "Chavez,Ri"]
[Black "Abu Sufian,S"]
[Result "1-0"]
[WhiteElo "2226"]
[BlackElo "2418"]

1.e4 c5 2.Nf3 Nc6 3.Bb5 d6 4.Bxc6+ bxc6 5.O-O e5 6.c3 f5 7.exf5 Bxf5 8.d4 e4
9.dxc5 exf3 10.Qxf3 Qd7 11.Re1+ Kd8 12.g4 d5 13.gxf5 Bxc5 14.c4 Ne7 15.cxd5 cxd5
16.Bg5 Rf8 17.Re5 Ke8 18.Qh5+ g6 19.Qxh7 Rxf5 20.Qxg6+ Rf7 21.Bxe7 Bxe7 22.Nc3 Kf8
23.Kh1 Bf6 24.Rxd5 Qb7 25.Qh6+ Bg7 26.Qd6+ Kg8 27.Rg1 Re8 28.Qg3 Qxb2 29.Rg5 Ree7
30.Rb5 Qxf2 31.Rb8+  1-0

[Event "15th It"]
[Site "Tuzla BIH"]
[Date "2008.11.23"]
[Round "4"]
[White "Budimir,Bor"]
[Black "Bajramovic,H"]
[Result "1-0"]
[WhiteElo "2328"]
[BlackElo "2206"]

1.e4 c5 2.Nf3 Nc6 3.Bb5 g6 4.O-O Bg7 5.c3 e5 6.Na3 Nge7 7.Nc4 Qc7 8.Ne3 O-O
9.Re1 d6 10.b3 Kh8 11.Bc4 f5 12.Ng5 Nd8 13.exf5 Nxf5 14.Nxf5 Bxf5 15.Bd5 h6
16.Ne4 Nc6 17.Ng3 Bd7 18.Qc2 Ne7 19.Be4 Rf6 20.d4 d5 21.dxe5 Qxe5 22.Bb2 Re6
23.Qd2 Qd6 24.Bf3 Bc6 25.Rxe6 Qxe6 26.Re1 Qf7 27.Qe3 Nf5 28.Nxf5 Qxf5 29.Qd2 Rd8
30.h3 Qf6 31.Rd1 Kh7 32.Ba1 d4 33.c4 Bxf3 34.gxf3 Qxf3 35.Qd3 Qf4 36.Bb2 Be5
37.Kf1 Rf8 38.Rd2 Qe3 39.Qxe3 dxe3 40.Rd7+ Kg8 41.Bxe5 Rxf2+ 42.Ke1 Rxa2
43.Rxb7 g5 44.Bd6 Ra1+ 45.Ke2 Rh1 46.Bxc5 Rxh3 47.Bxe3 g4 48.c5 g3 49.c6 g2
50.Bg1  1-0

[Event "15th It"]
[Site "Tuzla BIH"]
[Date "2008.11.24"]
[Round "5"]
[White "Nezirovic,O"]
[Black "Nurkic,S"]
[Result "0-1"]
[WhiteElo "2131"]
[BlackElo "2408"]

1.e4 c5 2.Nf3 Nc6 3.Bb5 g6 4.O-O Bg7 5.c3 e5 6.d4 cxd4 7.cxd4 exd4 8.Bf4 Nge7
9.Bd6 O-O 10.Nbd2 a6 11.Bc4 h6 12.Rc1 b6 13.Nb3 Bb7 14.Re1 Rc8 15.Nfxd4 Nxd4
16.Nxd4 b5 17.Bxe7 Qxe7 18.Bd5 Bxd5 19.exd5 Qd6 20.Rxc8 Rxc8 21.Nf3 Bxb2
22.Qd3 Bg7 23.g3 Rc3 24.Re8+ Kh7 25.Qe4 Rc1+ 26.Kg2 Rc4 27.Qe7 Qxd5 28.Rd8 Rc3
29.Qe2 Ra3 30.h4 Qe6 31.Qd1 Qf5 32.Qe2 Qd3 33.Qe8 Qxf3+ 34.Kg1 h5 35.Qg8+ Kh6
36.Rxd7 Rxa2  0-1

[Event "15th It"]
[Site "Tuzla BIH"]
[Date "2008.11.26"]
[Round "8"]
[White "Nezirovic,O"]
[Black "Bajramovic,H"]
[Result "1-0"]
[WhiteElo "2131"]
[BlackElo "2206"]

1.e4 c5 2.Nf3 Nc6 3.Bb5 g6 4.O-O Bg7 5.c3 e5 6.d4 cxd4 7.cxd4 exd4 8.Bf4 Nge7
9.Bd6 O-O 10.Nbd2 Re8 11.Rc1 a6 12.Bc4 b5 13.Bxf7+ Kh8 14.Bxe8 Qxe8 15.Nb3 Bb7
16.Nfxd4 Nxd4 17.Nxd4 Nc8 18.Bg3 Qxe4 19.Nf3 Nb6 20.Re1 Qd5 21.Qxd5 Nxd5
22.Be5 Bxe5 23.Nxe5 Nf4 24.g3 Nh3+ 25.Kf1 Rf8 26.Rc2 d6 27.Ng4 Bf3 28.Ne3 Kg7
29.Ng2 h5 30.Re7+ Kf6 31.Re3 Ba8 32.Rd2 d5 33.Rf3+ Kg7 34.Rxf8 Kxf8 35.f4 Ke7
36.Nh4 g5 37.Nf3 g4 38.Nd4 Kd6 39.b4 Bb7 40.Re2 Bc8 41.Re8 Bd7 42.Rh8  1-0

[Event "21st Belgrade Trophy"]
[Site "Obrenovac SRB"]
[Date "2008.11.28"]
[Round "2"]
[White "Kovacevic,Bo"]
[Black "Stamenkovic,A"]
[Result "0-1"]
[WhiteElo "1899"]
[BlackElo "2283"]

1.e4 c5 2.Nf3 Nc6 3.Bb5 e6 4.O-O Nge7 5.c3 a6 6.Ba4 b5 7.Bc2 Bb7 8.Re1 Rc8
9.Qe2 Qc7 10.d3 Ng6 11.g3 Be7 12.h4 f6 13.Nh2 Bd6 14.h5 Nge5 15.Be3 Nd4 16.cxd4 cxd4
17.Bxd4 Qxc2 18.Qxc2 Rxc2 19.Rd1 Nc6 20.Bc3 b4 21.Be1 Be5 22.Nd2 Bxb2 23.Rab1 Bc3
24.Nc4 Bxe1 25.Rxe1 Ke7 26.Ra1 Rc3 27.Red1 a5 28.Nf1 Ba6 29.Nfe3 Rb8 30.Rd2 Ne5
31.Kg2 Bxc4 32.Nxc4 Nxc4 33.dxc4 Rxc4 34.Rad1 Rb7 35.f3 a4 36.Kf2 b3 37.axb3 axb3
38.Rb2 Rc2+ 39.Rxc2 bxc2 40.Rc1 Rc7 41.Ke2 d5 42.exd5 exd5 43.Kd3 Kd6 44.Rxc2 Rxc2
45.Kxc2 f5 46.Kd3 Kc5  0-1

[Event "UTD Invitational IM"]
[Site "Richardson USA"]
[Date "2008.11.28"]
[Round "5"]
[White "Lopez,Ne"]
[Black "Annakov,B"]
[Result "1/2-1/2"]
[WhiteElo "2173"]
[BlackElo "2455"]

1.e4 c5 2.Nf3 Nc6 3.Bb5 Qb6 4.Nc3 e6 5.O-O a6 6.Bxc6 Qxc6 7.d4 cxd4 8.Qxd4 f6
9.Be3 b5 10.Rfe1 Bb7 11.Rad1 e5 12.Qd3 Ne7 13.Bc5 Ng6 14.Bxf8 Rxf8 15.Rd2 Ne7
16.Red1 Rd8 17.Qe3 d6 18.Ne1 Qc7 19.Nd3 Qc4 20.Nc5 Bc8 21.b3 Qb4 22.Rxd6 Rxd6
23.Rxd6 Kf7 24.Nb1 Qa5 25.a3 Rd8 26.Rxd8 Qxd8 27.Qd3 Qxd3 28.cxd3 Nc6 29.b4 Ke7
30.Nc3 Kd6 31.Kf1 Nd4 32.Nd5 a5 33.Nb6 axb4 34.axb4 Bg4 35.f3 Bh5 36.Nd5 Bf7
37.Nb7+ Kd7 38.Nc5+ Kd6 39.Nb7+ Kd7 40.Nc5+  1/2-1/2

[Event "TCh-HUN 2008-9"]
[Site "Decs HUN"]
[Date "2008.11.30"]
[Round "3"]
[White "Rudolf,An"]
[Black "Mate,Laszlo"]
[Result "1/2-1/2"]
[WhiteElo "2318"]
[BlackElo "2110"]

1.e4 c5 2.Nf3 Nc6 3.Bb5 g6 4.O-O Bg7 5.Re1 Nf6 6.e5 Nd5 7.Nc3 Nc7 8.Bxc6 dxc6
9.Ne4 Ne6 10.d3 O-O 11.Be3 b6 12.Qd2 Nd4 13.Nxd4 cxd4 14.Bh6 Qd5 15.Bxg7 Kxg7
16.Qg5 Qe6 17.f3 h6 18.Qg3 c5 19.a4 Bb7 20.b3 a6 21.Re2 Rfc8 22.h4 b5 23.h5 Bxe4
24.Rxe4 Rd8 25.hxg6 fxg6 26.Rg4 b4 27.Kf2 Rf8 28.Ke2 Rf5 29.Kd2 Raf8 30.Rh1 g5
31.Re1 Rf4 32.Re4 Rxg4 33.Rxg4 Qf5 34.Re4 e6 35.Ke2  1/2-1/2

[Event "21st Belgrade Trophy"]
[Site "Obrenovac SRB"]
[Date "2008.11.30"]
[Round "4"]
[White "Miladinovic,L"]
[Black "Damjanovic,D"]
[Result "1/2-1/2"]
[WhiteElo "1886"]
[BlackElo "2229"]

1.e4 c5 2.Nf3 Nc6 3.Bb5 d6 4.Bxc6+ bxc6 5.e5 Ba6 6.d3 c4 7.O-O cxd3 8.cxd3 e6
9.Re1 d5 10.d4 Be7 11.Nc3 h5 12.Be3 Nh6 13.Rc1 Nf5 14.Na4 Bb7 15.Nc5 Bc8
16.Qa4 Qb6 17.Rc3 Qb5 18.Qc2 O-O 19.Rc1 Qb6 20.Nd2 Rb8 21.Rb3 Qc7 22.Rxb8 Qxb8
23.Ndb3 Qb5 24.Qc3 f6 25.exf6 Bxf6 26.Qd3 e5 27.dxe5 Bxe5 28.Qxb5 cxb5 29.Nd3 Nxe3
30.Nxe5 Nc4 31.Nxc4 dxc4 32.Nd4 a6 33.f3 Kf7 34.Kf2 Re8 35.b3 cxb3 36.axb3 Kf6
37.Rc5 g6 38.b4 Bb7 39.Rc7 Ke5 40.Nxb5 Bd5 41.Nc3 Be6 42.Ne4 Rb8 43.Nc5 Rxb4
44.Nd3+ Kd6 45.Nxb4 Kxc7 46.Nxa6+ Kd6 47.Nb4 Ke5 48.Ke3 h4 49.Nc6+ Kf6 50.Nd4 Bd5
51.Ne2 g5 52.Nc3 Bc6 53.Ne4+ Kg6 54.Nf2 Kf5 55.Nd3 Bb5 56.Ne1 Bf1 57.g3 hxg3
58.hxg3 Ba6 59.Nc2 Ke5 60.Nb4 Bb7 61.Nd3+ Kf6 62.Nc5 Bc6 63.Ne4+ Kf5 64.Nd6+ Ke5
65.Nc4+ Ke6 66.Na3 Ke5 67.Nc2 Ba8 68.f4+ gxf4+ 69.gxf4+ Kf5 70.Nd4+ Kf6 71.Kf2 Be4
72.Kg3 Bb1 73.Kg4 Bh7 74.f5 Bxf5+  1/2-1/2

[Event "Mediterranean Open"]
[Site "Rijeka CRO"]
[Date "2008.11.30"]
[Round "2"]
[White "Berke,A"]
[Black "Bitalzadeh,A"]
[Result "0-1"]
[WhiteElo "2080"]
[BlackElo "2370"]

1.e4 c5 2.Nf3 Nc6 3.Bb5 e6 4.O-O Nge7 5.c3 d5 6.exd5 Qxd5 7.Re1 Bd7 8.d3 Rd8
9.Nbd2 Ng6 10.Ne4 Nge5 11.c4 Qxd3 12.Nxe5 Qxd1 13.Rxd1 Nxe5 14.Bg5 Be7 15.Nd6+ Bxd6
16.Bxd8 Bxb5 17.cxb5 Kxd8 18.Rxd6+ Ke7 19.Rad1 g5 20.b6 a5 21.h3 h5 22.R6d2 Rc8
23.Rc2 Rc6 24.b3 Nd7 25.g3 Nxb6 26.Rdc1 Kd6 27.Rd2+ Nd5 28.f4 gxf4 29.gxf4 b5
30.f5 c4 31.fxe6 fxe6 32.bxc4 bxc4 33.Rd4 c3 34.Ra4 Rc5 35.Rh4 e5 36.Rxh5 Nf4
37.Rh6+ Kd5 38.Kf1 c2 39.Ke1 Nd3+ 40.Kd2 Nxc1 41.Kxc1 Kd4 42.Rd6+ Ke3 43.h4 e4
44.Re6 Kd3 45.Rd6+ Ke2 46.Re6 e3 47.h5 Rxh5 48.Kxc2 Rc5+ 49.Kb3 Kd2 50.Ka4 e2
51.Rd6+ Ke1 52.Re6 Rf5 53.a3 Kf1 54.Rb6 e1=Q 55.Rb1  0-1

[Event "Mediterranean Open"]
[Site "Rijeka CRO"]
[Date "2008.11.30"]
[Round "3"]
[White "Franciskovic,V"]
[Black "Javakhishvili,L"]
[Result "0-1"]
[WhiteElo "2118"]
[BlackElo "2473"]

1.e4 c5 2.Nf3 Nc6 3.Bb5 e6 4.O-O Nge7 5.Nc3 Ng6 6.d4 cxd4 7.Nxd4 Qc7 8.Be3 a6
9.Bd3 b5 10.Kh1 Bb7 11.Nce2 Nce5 12.f4 Ng4 13.Bg1 Nf6 14.f5 Ne5 15.Re1 g6
16.fxe6 dxe6 17.Nf3 Bc5 18.Ng3 Bxg1 19.Nxg1 h5 20.Qd2 Rd8 21.Qe2 Nfg4 22.Nf3 Qc5
23.Rf1 h4 24.Nxe5 Nxe5  0-1

[Event "Open"]
[Site "Figueira da Foz POR"]
[Date "2008.12.02"]
[Round "4"]
[White "Cruz,Jor"]
[Black "Batista,Sa"]
[Result "1/2-1/2"]
[WhiteElo "2139"]
[BlackElo "1759"]

1.e4 c5 2.Nf3 Nc6 3.Bb5 e6 4.Bxc6 bxc6 5.O-O Ne7 6.d3 Ng6 7.Re1 d6 8.Nbd2 Be7
9.Nf1 O-O 10.Ng3 e5 11.h3 Nh4 12.Nxh4 Bxh4 13.Nf5 Bxf5 14.exf5 Qf6 15.Qg4 h6
16.g3 Bg5 17.Bxg5 Qxg5 18.Qxg5 hxg5 19.Kg2 Rfb8 20.b3 a5 21.a4 f6 22.f4 gxf4
23.gxf4 Re8 24.fxe5 Rxe5 25.Rxe5 fxe5 26.Kf3 Kf7 27.Rg1 Rh8 28.Rg6 Rxh3+
29.Kg2 Rh6 30.Rg3 Kf6 31.Kf3 Kxf5 32.Rxg7 Rh3+ 33.Ke2 Rh2+ 34.Kd1 Kf4 35.Rc7  1/2-1/2

[Event "Snowdrops vs Old-hands"]
[Site "Marianske Lazne CZE"]
[Date "2008.12.02"]
[Round "4"]
[White "Olafsson,F"]
[Black "Cmilyte,V"]
[Result "1/2-1/2"]
[WhiteElo "2440"]
[BlackElo "2512"]

1.e4 c5 2.Nf3 Nc6 3.Bb5 g6 4.O-O Bg7 5.c3 Nf6 6.Re1 O-O 7.h3 e5 8.d4 cxd4
9.cxd4 Nxd4 10.Nxd4 exd4 11.e5 Ne8 12.Qxd4 d6 13.Qa4 Bf5 14.Nc3 a6 15.Bf1 dxe5
16.Be3 Nf6 17.Qb4 b5 18.Red1 Qb8 19.g4 Be6 20.Bg2 Rc8 21.Qd6 Bf8 22.Qxb8 Raxb8
23.Ba7 Ra8 24.Bxa8 Rxa8 25.Be3 b4 26.Na4 h5 27.g5 Ne4 28.Kg2 Be7 29.h4 Rc8
30.Rac1 Rxc1 31.Rxc1 Bxa2 32.Rc7 Bf8 33.Rc8 Kg7 34.Rd8 f5 35.f3 f4 36.Ba7 Bb3
37.Bb8 Ng3 38.Bxe5+ Kf7 39.Nb6 Nf5 40.Bxf4 Bc5 41.Nd7 Nxh4+ 42.Kg3 Nf5+ 43.Kh3 Bd4
44.Rb8 a5 45.Ne5+ Ke6 46.Nc6 Bxb2 47.Nxa5 Bd5 48.Rb6+ Kf7 49.Rxb4 Bc3 50.Rb5 Bxf3
51.Nc4 Bg4+ 52.Kh2 Nh4 53.Ne3 Nf3+ 54.Kg2 Nh4+ 55.Kf2 Be6 56.Rb7+ Kg8 57.Re7 Bf7
58.Be5 Bd2 59.Rd7 Bxe3+ 60.Kxe3 Nf5+ 61.Kf4 Be6 62.Rb7 h4 63.Ke4 Bc4 64.Bf4 Ng7
65.Be5 Ne6 66.Rb8+ Kf7 67.Bf6 h3 68.Ke5 Nc5 69.Kd4 Be2 70.Kxc5 h2 71.Rb7+ Ke6  1/2-1/2

[Event "Mediterranean Open"]
[Site "Rijeka CRO"]
[Date "2008.12.02"]
[Round "5"]
[White "Bosiocic,Mari"]
[Black "Cebalo,M"]
[Result "1-0"]
[WhiteElo "2549"]
[BlackElo "2493"]

1.e4 c5 2.Nf3 Nc6 3.Bb5 d6 4.O-O Bd7 5.c3 Nf6 6.Re1 a6 7.Ba4 b5 8.Bc2 e5
9.h3 Be7 10.d4 Qc7 11.d5 Nd8 12.c4 O-O 13.b3 Ne8 14.Nc3 g6 15.Nh2 Ng7 16.Bh6 f6
17.Qd2 Nf7 18.Be3 b4 19.Ne2 f5 20.exf5 Nxf5 21.Bxf5 Bxf5 22.g4 Bd7 23.Ng3 a5
24.a4 bxa3 25.Rxa3 a4 26.Rea1 Rfb8 27.bxa4 Rb4 28.Qc2 Qb7 29.a5 Qa6 30.Rc1 Ng5
31.Kg2 Rf8 32.Bd2 Rbb8 33.Nf3 Nxf3 34.Rxf3 Rxf3 35.Kxf3 Kg7 36.Kg2 Rf8 37.Rb1 Bd8
38.Ne4 h5 39.f3 hxg4 40.hxg4 Bxa5 41.Ra1 Bxg4 42.fxg4 Qc8 43.Kg3 Bxd2 44.Qxd2 Rf4
45.Qe2 Qb8 46.Rf1  1-0

[Event "Open"]
[Site "Figueira da Foz POR"]
[Date "2008.12.03"]
[Round "5"]
[White "Garcia Perez,R"]
[Black "Martinho,F"]
[Result "1-0"]
[WhiteElo "1919"]
[BlackElo "1924"]

1.e4 c5 2.Nf3 Nc6 3.Bb5 g6 4.O-O Bg7 5.Re1 e5 6.Bxc6 dxc6 7.d3 Qe7 8.Nbd2 Nf6
9.Nc4 Nd7 10.Be3 O-O 11.Qc1 f6 12.Bh6 Re8 13.Bxg7 Kxg7 14.a4 Nf8 15.a5 Be6
16.Ne3 Rad8 17.Ra4 Kh8 18.Qb1 Bc8 19.b4 Ne6 20.bxc5 Nxc5 21.Ra1 Ne6 22.Qb2 Nd4
23.Nxd4 Rxd4 24.Nc4 Red8 25.Rf1 Be6 26.Nd2 g5 27.Rfb1 R4d7 28.Nf1 Qf7 29.Qc3 Rc7
30.Qc5 a6 31.Ra4 Qe7 32.Qxe7 Rxe7 33.Rab4 Bc8 34.Ne3 Rc7 35.Kf1 Kg7 36.Ke2 Rf8
37.Nc4 Rff7 38.Nd6 Bg4+ 39.f3 Bc8 40.Nxc8 Rxc8 41.Rxb7 c5 42.Rxf7+ Kxf7 43.Rb7+ Kg6
44.Rb6 c4 45.Rxa6 cxd3+ 46.Kxd3 Rd8+ 47.Ke2 Rc8 48.Kd2 Rc4 49.Rd6 Ra4 50.a6 g4
51.Rc6 h5 52.Ke3 Ra3+ 53.Kf2 gxf3 54.gxf3 Kg5 55.Ke2 Ra2 56.Kd2 Ra3 57.Rd6 Rxf3
58.Rd3 Rf2+ 59.Kc1 f5 60.a7  1-0

[Event "Mediterranean Open"]
[Site "Rijeka CRO"]
[Date "2008.12.06"]
[Round "9"]
[White "Nevednichy,V"]
[Black "Jankovic,A"]
[Result "1/2-1/2"]
[WhiteElo "2583"]
[BlackElo "2548"]

1.e4 c5 2.Nf3 Nc6 3.Bb5 e6 4.Bxc6 bxc6 5.d3 Ne7 6.Bd2 f6 7.Nh4 g6 8.f4 d6
9.Nf3 Bg7 10.Nc3 e5 11.fxe5  1/2-1/2

[Event "Mediterranean Open"]
[Site "Rijeka CRO"]
[Date "2008.12.06"]
[Round "9"]
[White "Butuc,M"]
[Black "Martinovic,Sa"]
[Result "0-1"]
[WhiteElo "2159"]
[BlackElo "2416"]

1.e4 c5 2.Nf3 Nc6 3.Bb5 e6 4.Bxc6 bxc6 5.d3 Ne7 6.Qe2 d5 7.c4 Ng6 8.h4 h5
9.e5 f6 10.Nc3 Be7 11.Bd2 Qc7 12.exf6 gxf6 13.O-O-O Rb8 14.b3 Kf7 15.g3 e5
16.cxd5 Bg4 17.d6 Qxd6 18.Ne4 Qd5 19.Bc3 a5 20.Ned2 a4 21.Qe4 axb3 22.axb3 Rxb3
23.Kc2 c4 24.Qxc4 Qxc4 25.dxc4 Ra3 26.Rc1 Bc5 27.Ra1 Bf5+  0-1

[Event "58th ch-GRE"]
[Site "Rhodes GRE"]
[Date "2008.12.07"]
[Round "8"]
[White "Kapnisis,S"]
[Black "Papadopoulos,I"]
[Result "1-0"]
[WhiteElo "2418"]
[BlackElo "2452"]

1.e4 c5 2.Nf3 Nc6 3.Bb5 d6 4.O-O Bd7 5.c3 a6 6.Ba4 c4 7.Bc2 e5 8.b3 b5 9.Na3 Na5
10.d4 cxd3 11.Bxd3 Nf6 12.c4 bxc4 13.Nxc4 Nxc4 14.Bxc4 Bc6 15.Ng5 d5 16.exd5 Bxd5
17.Bb2 Bxc4 18.bxc4 Bd6 19.Qa4+ Qd7 20.Qxd7+ Nxd7 21.Rad1 Be7 22.Nxf7 Kxf7
23.Rxd7 Rhd8 24.Rd5 Rxd5 25.cxd5 Bd6 26.Rc1 Rb8 27.Bc3 Rc8 28.Bd2 Rb8 29.Bc3 Rc8
30.Bd2 Rb8 31.a4 Rb3 32.Kf1 Rd3 33.Ke2 Rxd5 34.Rc6 a5 35.Ra6 Bb4 36.Bxb4 axb4
37.Rb6 Rd4 38.a5 b3 39.a6 Ra4 40.Kd3 Ra2 41.Kc3 Rxf2 42.Kxb3 Rf1 43.Rb4 Rb1+
44.Kc4 Ra1 45.Kb5 Ke6 46.Ra4 Rb1+ 47.Kc4  1-0

[Event "TCh-SLO"]
[Site "Murska Sobota SLO"]
[Date "2008.12.08"]
[Round "3"]
[White "Zorko,Ju"]
[Black "Srebrnic,M"]
[Result "1-0"]
[WhiteElo "2381"]
[BlackElo "2302"]

1.e4 c5 2.Nf3 Nc6 3.Bb5 g6 4.Bxc6 dxc6 5.d3 Bg7 6.h3 Nh6 7.Nc3 f6 8.Be3 b6
9.Qd2 Nf7 10.Nh2 e5 11.f4 O-O 12.O-O-O exf4 13.Bxf4 f5 14.exf5 Bxf5 15.Ng4 Bxg4
16.hxg4 Ne5 17.g5 Qd4 18.g3 Rf7 19.Qg2 Bh8 20.Rh4 Re8 21.Kb1 Re6 22.a3 Nd7
23.Qh3 Nf8 24.Bc1 Qf2 25.Re4 Qf5 26.Qh4 Qf3 27.Rde1 Rfe7 28.Rxe6 Rxe6 29.Ne4 Qf5
30.Bd2 c4 31.dxc4 Nd7 32.Qf4 Be5 33.Qe3 Nf8 34.Qd3 Bg7 35.Ka2 Qf7 36.Bc3 Qf5
37.Bxg7 Kxg7 38.Re2 Qe5 39.Qd8 b5 40.Rf2 Re8 41.Qf6+ Qxf6 42.gxf6+ Kh8 43.Nd6 Re6
44.Nf7+ Kg8 45.Nh6+ Kh8 46.g4 g5 47.cxb5 cxb5 48.Rf5 Ng6 49.Nf7+ Kg8 50.Nxg5 Re2  1-0

[Event "FSGM December"]
[Site "Budapest HUN"]
[Date "2008.12.09"]
[Round "4"]
[White "Varga,Zo"]
[Black "Bromberger,S"]
[Result "1-0"]
[WhiteElo "2494"]
[BlackElo "2504"]

1.e4 c5 2.Nf3 Nc6 3.Bb5 Nf6 4.e5 Nd5 5.Nc3 Nc7 6.Qe2 g6 7.Ne4 Nxb5 8.Qxb5 b6
9.d4 cxd4 10.Bg5 Qc7 11.O-O Bg7 12.Nf6+ exf6 13.exf6 O-O 14.fxg7 Kxg7 15.Qd5 Ba6
16.Rfe1 Rae8 17.Bd2 Bb7 18.Nxd4 Nxd4 19.Qxd4+ f6 20.Bb4 Rxe1+ 21.Rxe1 Rf7
22.c4 Qc6 23.f3 d5 24.c5 Rc7 25.Rc1 a5 26.Ba3 b5 27.b4 axb4 28.Bxb4 Re7 29.Kf2 Re6
30.Bc3 Qa6 31.Rc2 Bc6 32.Qf4 Qa4 33.Qxa4 bxa4 34.Rb2 d4 35.Bxd4 Bd5 36.Rb4 Bxa2
37.Rxa4 Bd5 38.Ra7+ Kh6 39.Rf7 g5 40.Rxf6+ Rxf6 41.Bxf6 Kg6 42.Bd8 h5 43.g4 hxg4
44.fxg4 Be6 45.Kg3 Bd7 46.h4 gxh4+ 47.Bxh4 Kf7 48.Kf4 Ke6 49.Kg5 Kf7 50.Bf2 Kg7
51.Bd4+ Kf7 52.Kh5  1-0

[Event "Helio da Motta Filho Cup"]
[Site "Rio de Janeiro BRA"]
[Date "2008.12.09"]
[Round "4"]
[White "Saldano Dayer,H"]
[Black "Mascarenhas,Alb"]
[Result "1/2-1/2"]
[WhiteElo "2457"]
[BlackElo "2228"]

1.e4 c5 2.Nf3 Nc6 3.Bb5 Na5 4.d4 a6 5.Bd3 cxd4 6.Nxd4 d6 7.O-O g6 8.b4 Nc6
9.Nxc6 bxc6 10.Bb2 Nf6 11.e5 dxe5 12.Bxe5 Bg7 13.Nd2 O-O 14.Nb3 Nd5 15.Bxg7 Kxg7
16.a3 e5 17.Be4 Bf5 18.Bxf5 gxf5 19.c4 Nf4 20.Qf3 Qf6 21.Rad1 Kh8 22.g3 Nh3+
23.Kg2 Ng5 24.Qe3 Rad8 25.h4 Ne6 26.Rxd8 Rxd8 27.Re1 e4 28.Nc5 Nxc5 29.Qxc5 Kg7
30.a4 Rd2 31.b5 cxb5 32.cxb5 axb5 33.axb5 Rb2 34.Rd1 e3 35.Qxe3 Rxb5 36.Qf4 Re5
37.Rc1 Re4 38.Qb8 Qe5 39.Qd8 Qe7 40.Qc8 Qe6 41.Qc3+ Qe5 42.Qf3 Rd4 43.Qc3 Re4
44.Qxe5+ Rxe5 45.Rc6 Re6 46.Rc4 Kf6 47.Kf3 Ra6 48.Kf4 Rb6 49.f3  1/2-1/2

[Event "TCh-SLO"]
[Site "Murska Sobota SLO"]
[Date "2008.12.10"]
[Round "5"]
[White "Kovacevic,A"]
[Black "Ushenina,A"]
[Result "1/2-1/2"]
[WhiteElo "2581"]
[BlackElo "2496"]

1.e4 c5 2.Nf3 Nc6 3.Bb5 g6 4.Bxc6 dxc6 5.d3 Bg7 6.h3 b6 7.a3 a5 8.O-O a4
9.Re1 e5 10.Be3 Ne7 11.Nbd2 O-O 12.Nc4 Qc7 13.b4 axb3 14.cxb3 f5 15.a4 f4
16.Bd2 Be6 17.Bc3 Bxc4 18.dxc4 h6 19.Ra2 g5 20.Rd2 Rad8 21.Ree2 Ng6 22.Rxd8 Rxd8
23.Rd2 Rxd2 24.Qxd2 Nf8 25.Qd1 Kf7 26.Ne1 Qd7 27.Qxd7+ Nxd7 28.Nd3 Ke6 29.h4 Bf8
30.hxg5 hxg5 31.f3 Bd6 32.Kh2 Nf6 33.a5 bxa5 34.Bxa5 g4 35.Bd8 g3+ 36.Kh3 Nd7
37.Kg4 Bf8 38.Kg5 Bd6 39.Kg6 Nf8+ 40.Kh5 Nd7 41.Kg4 Bf8 42.Bg5 Bd6 43.Bd8 Bf8
44.Bg5  1/2-1/2

[Event "1st Copa PDV Sur"]
[Site "Buenos Aires ARG"]
[Date "2008.12.11"]
[Round "9"]
[White "Bronstein,L"]
[Black "Alonso,S"]
[Result "1-0"]
[WhiteElo "2378"]
[BlackElo "2446"]

1.e4 c5 2.Nf3 Nc6 3.Bb5 e6 4.O-O Nge7 5.Nc3 Nd4 6.Nxd4 cxd4 7.Ne2 a6 8.Ba4 b5
9.Bb3 Nc6 10.d3 Bc5 11.c3 O-O 12.Bf4 d5 13.cxd4 Nxd4 14.Nxd4 Bxd4 15.exd5 e5
16.Be3 Bxb2 17.Rb1 Ba3 18.Qh5 a5 19.Qxe5 Bd6 20.Qd4 a4 21.Bd1 Bd7 22.Bf4 Qb8
23.Bxd6 Qxd6 24.Bf3 Rfc8 25.Rfe1 Rc2 26.a3 Rac8 27.h4 R2c3 28.Ra1 h6 29.Qe5 Qxe5
30.Rxe5 Rxd3 31.Re7 Rd8 32.Rc1 Kf8 33.Re3 Rxe3 34.fxe3 Ke7 35.e4 Kd6 36.Kf2 Rc8
37.Rxc8 Bxc8 38.Bd1 f5 39.Be2 Kc5 40.e5 b4 41.axb4+ Kxb4 42.Bd3 a3 43.Bb1 Kb3
44.e6 Kb2 45.e7 Bd7 46.Bxf5 Bb5 47.d6 a2 48.d7 a1=Q 49.e8=Q Qf1+ 50.Kg3 Qxf5
51.d8=Q Bxe8 52.Qxe8 Qf6 53.Qe2+ Kc3 54.Qe3+ Kc4 55.Qf4+ Qd4 56.h5 Kd5 57.Qxd4+ Kxd4
58.Kf4 Kd3 59.Kf5 Ke3 60.Kg6 Kf4 61.Kxg7 Kg5 62.g4  1-0

[Event "ch-RUS w Superfinal"]
[Site "Moscow RUS"]
[Date "2008.12.11"]
[Round "6"]
[White "Kosintseva,T"]
[Black "Romanko,M"]
[Result "1-0"]
[WhiteElo "2513"]
[BlackElo "2398"]

1.e4 c5 2.Nf3 Nc6 3.Bb5 Nf6 4.Nc3 Nd4 5.e5 Nxb5 6.Nxb5 Nd5 7.Ng5 f5 8.O-O a6
9.Nc3 Nxc3 10.bxc3 e6 11.d4 g6 12.Nf3 h6 13.Be3 b5 14.dxc5 Bb7 15.a4 bxa4
16.Nd2 Qc7 17.Nc4 Qc6 18.f3 Bxc5 19.Nd6+ Ke7 20.Bd4 Rab8 21.Qe1 g5 22.Qf2 Bxd4
23.Qxd4 Ba8 24.Rxa4 Qb6 25.Rfa1 g4 26.Rxa6 Qxd4+ 27.cxd4 gxf3 28.gxf3 Bxf3
29.Kf2 Ba8 30.Rg1 Rhg8 31.Rxg8 Rxg8 32.Ra3 Rg2+ 33.Kf1 Bc6 34.Rg3 Rxg3 35.hxg3 Kf8
36.Kf2 Kg7 37.Ke3 Kg6 38.Kf4 Ba8 39.Nc8 Kf7 40.Nb6 Bc6 41.c4 Ke7 42.d5 Bb7
43.Ke3 Kd8 44.d6 Bc6 45.Kf4 Ke8 46.Nc8 Kf7 47.Ne7 Ba4 48.c5 Bb5 49.Kf3 Ba4
50.Kg2 Bc2 51.Kh3 Be4 52.Kh2 Bb7 53.Kg1 Be4 54.Kf2 Bb7 55.Ke3 Bg2 56.Kd4 Bf3
57.Ke3 Bg2 58.Kf4 Bf1 59.c6 dxc6 60.Nxc6 Ke8 61.Ne7 Kf7 62.Ng8 Bb5 63.Nf6 Ba4
64.Ke3 Bd1 65.Kd4 f4 66.gxf4 h5 67.Ke3 h4 68.Kf2 Bc2 69.Kf3 Bf5 70.Ng4 Ke8
71.Ne3 Kd7 72.Nxf5  1-0

[Event "TCh-ISR 2008-9"]
[Site "Israel ISR"]
[Date "2008.12.12"]
[Round "1"]
[White "Sidorenko,I"]
[Black "Birnboim,N"]
[Result "0-1"]
[WhiteElo "2370"]
[BlackElo "2319"]

1.e4 c5 2.Nf3 Nc6 3.Bb5 g6 4.Bxc6 dxc6 5.d3 Bg7 6.h3 Nf6 7.Nc3 O-O 8.Bf4 Nd7
9.e5 f6 10.Qd2 g5 11.Be3 h6 12.O-O-O f5 13.e6 Ne5 14.Nxe5 Bxe5 15.f4 gxf4
16.Bxf4 Bxf4 17.Qxf4 Rf6 18.d4 Bxe6 19.dxc5 Qb8 20.Qf2 Qc7 21.Rhe1 Rd8 22.Rxd8+ Qxd8
23.b3 Qc7 24.Kb2 Kf7 25.Qf3 Qb8 26.Re3 Qg8 27.Re5 Qg5 28.Qf2 Qg7 29.Re3 Rg6
30.g4 Rf6 31.gxf5 Rxf5 32.Qe1 Qf6 33.Ka3 Rf3 34.Ne4 Rxe3 35.Qxe3 Qe5 36.h4 Bf5
37.Ng5+ Kf6 38.Qxe5+ Kxe5 39.Nf7+ Kf6  0-1

[Event "III Open"]
[Site "Palma de Mallorca ESP"]
[Date "2008.12.12"]
[Round "7"]
[White "Valmana Canto,J"]
[Black "Venkatesh,M"]
[Result "0-1"]
[WhiteElo "2343"]
[BlackElo "2468"]

1.e4 c5 2.Nf3 Nc6 3.Bb5 Nf6 4.Nc3 Qc7 5.O-O Nd4 6.Re1 a6 7.Bc4 Ng4 8.g3 Nxf3+
9.Qxf3 Ne5 10.Qe2 d6 11.f3 g6 12.a4 Bg7 13.Nd5 Qd8 14.c3 O-O 15.d3 e6 16.Ne3 Rb8
17.f4 Nc6 18.Ba2 b5 19.axb5 axb5 20.Bd2 Bb7 21.h4 h5 22.g4 Qxh4 23.Kg2 hxg4
24.Rh1 Qe7 25.Qxg4 Rfd8 26.Qh3 d5 27.e5 d4 28.Nd5 exd5 29.f5 Nxe5 30.Qh7+ Kf8
31.Bh6 Qf6 32.Rae1 Bxh6 33.Qxh6+ Ke7 34.cxd4 cxd4 35.Qd2 Kd7  0-1

[Event "TCh-NED 2008-9"]
[Site "Netherlands NED"]
[Date "2008.12.13"]
[Round "4"]
[White "Van den Doel,E"]
[Black "Reinderman,D"]
[Result "1/2-1/2"]
[WhiteElo "2568"]
[BlackElo "2537"]

1.e4 c5 2.Nf3 Nc6 3.Bb5 Nf6 4.Bxc6 dxc6 5.d3 Bg4 6.h3 Bh5 7.g4 Bg6 8.Ne5 Nd7
9.Nxg6 hxg6 10.Be3 e5 11.Nd2 Qc7 12.Nc4 Nb6 13.Qf3 Nxc4 14.dxc4 Rd8 15.O-O Be7
16.Kg2 Qc8 17.Rh1 Qe6 18.b3 b6 19.a4 a5 20.Rad1 O-O 21.Rxd8 Rxd8 22.h4 f6
23.h5 g5 24.Rd1 Rxd1 25.Qxd1 Qd6 26.Qf3 Qd7 27.Qe2 Kf7 28.f3 Bf8 29.Qd2 Qxd2+
30.Bxd2 Ke6  1/2-1/2

[Event "XXI Carlos Torre"]
[Site "Merida MEX"]
[Date "2008.12.15"]
[Round "4"]
[White "Estrada Nieto,J"]
[Black "Martinez,Lel"]
[Result "0-1"]
[WhiteElo "2347"]
[BlackElo "2485"]

1.e4 c5 2.Nf3 Nc6 3.Bb5 e6 4.O-O Nge7 5.Re1 a6 6.Bxc6 Nxc6 7.d4 cxd4 8.Nxd4 Qc7
9.Nc3 d6 10.Nxc6 bxc6 11.Qh5 Rb8 12.b3 g6 13.Qf3 Bg7 14.Bb2 O-O 15.Na4 e5
16.c4 Be6 17.Rad1 f5 18.Qd3 Rbd8 19.Ba3 fxe4 20.Bxd6 Qf7 21.Qg3 Rfe8 22.Rxe4 Bd5
23.Rxe5 Bxe5 24.Bxe5 Bxc4 25.Rc1 Rd2 26.Bc3 Rxa2 27.Qh4 h5 28.Qd4 Kh7 29.Nc5 Rd8
30.Qh4 Rc2 31.Re1 Re8 32.Ne4 Rxc3 33.f3 Rxe4 34.Rxe4 Rc1+ 35.Kf2 Rc2+ 36.Kg1 Qa7+  0-1

[Event "XXI Carlos Torre"]
[Site "Merida MEX"]
[Date "2008.12.15"]
[Round "4"]
[White "De la Paz Perdomo,F"]
[Black "Tapie Amione,P"]
[Result "1/2-1/2"]
[WhiteElo "2491"]
[BlackElo "2253"]

1.e4 c5 2.Nf3 Nc6 3.Bb5 d6 4.Bxc6+ bxc6 5.d3 e5 6.h3 Ne7 7.O-O Ng6 8.c3 Be7
9.d4 cxd4 10.cxd4 f6 11.Qc2 Bd7 12.Nc3 O-O 13.Be3 Kh8 14.Rfd1 Qc8 15.Rac1 Bxh3
16.gxh3 Qxh3 17.Qe2 f5 18.dxe5 fxe4 19.Nh2 d5 20.Qg4 Qxg4+ 21.Nxg4 h5 22.Nh2 Nxe5
23.Na4 Rf6 24.Bd4 Rg6+ 25.Kh1 Nd3 26.Rxd3 exd3 27.Nf3 Rf8 28.Ne5 Re6 29.Nxd3 Re4
30.Bc5 Rxa4 31.Bxe7 Rf3 32.Nb4 a5 33.Nxc6 Rg4 34.Rc3 Rxf2 35.Ba3 Re4 36.Kg1 Rd2
37.Kf1 a4 38.Ne7 Kh7 39.Rc7 h4 40.Rc3 g5 41.Rc7 Kh6 42.Ng8+ Kg6 43.Rc6+ Kg7
44.Nf6 Rc4 45.Nh5+ Kg8 46.Nf6+ Kf7 47.Rxc4 dxc4 48.Ne4 Rd5 49.Nd6+ Kg6 50.Nxc4 g4
51.Ne3 Rd4 52.Bc5 Re4 53.b3 Kg5 54.bxa4 Rxa4 55.a3 h3 56.Kf2 Rf4+ 57.Kg3 Rf3+
58.Kh2 Rf2+ 59.Kg1 Re2 60.Nf1 g3 61.Nxg3 Rg2+ 62.Kh1 Rxg3 63.a4 Rc3 64.Bd6 Rc6
65.Bb8 Ra6 66.Kh2 Kg4 67.Bc7 Rxa4 68.Bb8 Ra2+ 69.Kh1 Ra1+  1/2-1/2

[Event "XXI Carlos Torre KO"]
[Site "Merida MEX"]
[Date "2008.12.17"]
[Round "1.4"]
[White "Hernandez Guerrero,G"]
[Black "Martinez,Lel"]
[Result "1-0"]
[WhiteElo "2549"]
[BlackElo "2485"]

1.e4 c5 2.Nf3 Nc6 3.Bb5 e6 4.Bxc6 bxc6 5.d3 Ne7 6.Qe2 f6 7.Nh4 g6 8.f4 Bg7
9.O-O d6 10.c4 O-O 11.Nc3 h6 12.g3 f5 13.Be3 Rb8 14.Rf2 Qa5 15.Qc2 Bd7 16.Rc1 Bd4
17.Re2 Kh7 18.Nf3 Bg7 19.Bf2 fxe4 20.dxe4  1-0